Movies Quiz

Random Movies or Quick Pick Quiz
Score 0/13 Timer 03:00
0 Plays Today
% Correct
Zoe Saldana
90.6%
Sigourney Weaver
87.8%
Sam Worthington
87.1%
Michelle Rodriguez
75.2%
Stephen Lang
54.5%
Giovanni Ribisi
50.3%
Dileep Rao
45.1%
CCH Pounder
39.2%
Joel David Moore
33.2%
Laz Alonso
32.5%
Wes Studi
31.8%
Matt Gerald
26.2%
Sean Anthony Moran
21.7%
Remove Ads.
Support Sporcle.
Get the best of Sporcle when you Go Orange. This ad-free experience offers more features, more stats, and more fun while also helping to support Sporcle. Thank you for becoming a member.

You're not logged in!

Compare scores with friends on all Sporcle quizzes.
OR
Log In

Show Comments

Extras

Top Quizzes Today


Score Distribution

Your Account Isn't Verified!

In order to create a playlist on Sporcle, you need to verify the email address you used during registration. Go to your Sporcle Settings to finish the process.

Report this User

Report this user for behavior that violates our Community Guidelines.

Details: